Rôles de Wolvesville par Images - 5 - Statistiques

Statistiques générales
  • Ce quiz a été pris 17 fois
  • Le résultat moyen est 13 sur 16
Statistiques - réponses
Par images Réponse % Correct
Juge
93%
Loup-Garou
93%
Maire
93%
Sorcière
93%
Loup-Alpha
86%
Tueur en Série
86%
Violoniste
86%
Chasseur de Tête
79%
Commère
79%
Loup-Toxique
79%
Médecin Légiste
79%
Complice
71%
Dame Blanche
71%
Garnement
71%
Président
64%
Loup-Parasite
43%
Aucun quiz correspondant
Distribution des résultats
% des personnes avec chaque résultat
Percentile par nombre de réponses
Votre historique - résultats
Vous n’avez pas pris ce quiz